<?xml version="1.0" encoding="UTF-8"?><?xml-stylesheet type="text/xsl" href="static/style.xsl"?><OAI-PMH xmlns="http://www.openarchives.org/OAI/2.0/" xmlns:xsi="http://www.w3.org/2001/XMLSchema-instance" xsi:schemaLocation="http://www.openarchives.org/OAI/2.0/ http://www.openarchives.org/OAI/2.0/OAI-PMH.xsd"><responseDate>2026-06-01T06:11:14Z</responseDate><request verb="GetRecord" identifier="oai:riuma.uma.es:10630/8483" metadataPrefix="marc">https://riuma.uma.es/rest/oai/request</request><GetRecord><record><header><identifier>oai:riuma.uma.es:10630/8483</identifier><datestamp>2026-02-03T12:45:36Z</datestamp><setSpec>com_10630_2254</setSpec><setSpec>col_10630_37957</setSpec></header><metadata><record xmlns="http://www.loc.gov/MARC21/slim" xmlns:dcterms="http://purl.org/dc/terms/" xmlns:doc="http://www.lyncode.com/xoai" xmlns:xsi="http://www.w3.org/2001/XMLSchema-instance" xsi:schemaLocation="http://www.loc.gov/MARC21/slim http://www.loc.gov/standards/marcxml/schema/MARC21slim.xsd">
   <leader>00925njm 22002777a 4500</leader>
   <datafield ind2=" " ind1=" " tag="042">
      <subfield code="a">dc</subfield>
   </datafield>
   <datafield ind2=" " ind1=" " tag="720">
      <subfield code="a">Sodré-Peck, Eliana</subfield>
      <subfield code="e">author</subfield>
   </datafield>
   <datafield ind2=" " ind1=" " tag="260">
      <subfield code="c">2014</subfield>
   </datafield>
   <datafield ind2=" " ind1=" " tag="520">
      <subfield code="a">Esta tesis analiza la formación linguística y pedagógica del profesorado de español como lengua extranjera en el estado de Georgia. Se han observado los diferentes aspectos y retos relacionados con la enseñanza del español en el sistema escolar, y luego se ha hecho un estudio empírico con el propósito de observar la evaluación hecha por el profesorado acerca de la preparación linguística y pedagógica para la carrera docente. Se han preparado dos cuestionarios: uno al profesorado del sistema público escolar y otro al profesorado que imparte cursos de español en las universidades. Al final, se han confirmado las siguientes hipótesis: los profesores no hispanohablantes, que se gradúan con una licenciatura en la enseñanza de E/LE, no se gradúan preparados para enseñar los cursos de español AP y BI, y tampoco se gradúan preparados para impartir los cursos de español para hispanohablantes en el sisema escolar. Estos resultados han demostrado que los programas de formación del profesorado de E/LE no proveen una preparación linguística adecuada que asegure un nivel de fluidez deseado para los retos de la profesión docente. Se concluye que es necesario proveer más posibilidades para el desarrollo linguístico del futuro profesor, y se reflexiona sobre algunas propuestas de mejora.</subfield>
   </datafield>
   <datafield ind1="8" ind2=" " tag="024">
      <subfield code="a">http://hdl.handle.net/10630/8483</subfield>
   </datafield>
   <datafield tag="653" ind2=" " ind1=" ">
      <subfield code="a">Profesores de español - Formación profesional - Tesis doctorales</subfield>
   </datafield>
   <datafield ind2="0" ind1="0" tag="245">
      <subfield code="a">La formación del profesorado de español en el estado de Georgia, EE.UU. Análisis y propuestas de mejora</subfield>
   </datafield>
</record>
</metadata></record></GetRecord></OAI-PMH>